| 000 | 00707cam a2200217 a 4500 | ||
|---|---|---|---|
| 020 | _a0070400555 | ||
| 040 | _cDLC | ||
| 082 | 0 | 0 | _a808 HIL 2003 A096 Or. |
| 100 | 1 | _aMaimon, Elaine P. | |
| 245 | 1 | 2 |
_aA writer's resource : _ba handbook for writing and research / |
| 260 |
_aBoston, Mass. : _bMcGraw-Hill, _cc2003. |
||
| 300 |
_axv, 532 p., [58] p. : _bill. (some col.), col. map ; _c21 cm. |
||
| 500 | _aIncludes indexes. | ||
| 650 | 0 | _aEnglish language | |
| 650 | 0 | _aEnglish language | |
| 650 | 0 | _aReport writing | |
| 700 | 1 | _aPeritz, Janice. | |
| 856 | 4 | 1 | _uhttp://www.loc.gov/catdir/toc/mh031/2002016650.html |
| 856 | 4 | 2 | _uhttp://www.loc.gov/catdir/description/mh031/2002016650.html |
| 942 | _cEK | ||
| 999 |
_c15627 _d15627 |
||